[Event "FICGS W-ch final email"]
[Site "FICGS email"]
[Date "2009.03.15"]
[Round "1"]
[White "Mueller, Robert"]
[Black "Gueci, Alberto"]
[Result "1/2-1/2"]
[WhiteElo "2405"]
[BlackElo "2379"]
[PlyCount "104"]
[EventDate "2009.??.??"]
[EventType "tourn (corr)"]
[EventRounds "6"]
[EventCategory "5"]
[SourceTitle "Corr 2022"]
[Source "ChessBase"]
[SourceDate "2021.10.24"]
[SourceVersion "1"]
[SourceVersionDate "2021.10.24"]
[SourceQuality "1"]

1. e4 c5 2. Nf3 d6 3. d4 cxd4 4. Nxd4 Nf6 5. Nc3 a6 6. Be3 e5 7. Nb3 Be6 8. f4 exf4 9. Bxf4 Nc6 10. Qe2 Rc8 11. h3 Nb4 12. a3 Nh5 13. axb4 Nxf4 14. Qf3 g5 15. b5 a5 16. g3 Ng6 17. Nd4 Bg7 18. Qe3 0-0 19. h4 Ne5 20. Ra4 gxh4 21. Rxh4 Bf6 22. Rf4 Bg5 23. Qf2 Re8 24. Be2 Ng6 25. Kd1 Nxf4 26. gxf4 Bh4 27. Qe3 Bf6 28. Kc1 Bg7 29. f5 Bd7 30. Kb1 Rc5 31. Qf4 Qf6 32. Bd3 h5 33. Nd5 Qe5 34. Qf1 Rxd5 35. exd5 Qe1+ 36. Qxe1 Rxe1+ 37. Ka2 Bf6 38. Rc4 Re8 39. Rc7 Bxd4 40. Rxd7 h4 41. f6 Bxf6 42. Rxd6 Kg7 43. Bf5 Re3 44. Rd7 h3 45. Bxh3 Rxh3 46. Rxb7 Rh2 47. Kb3 a4+ 48. Kxa4 Rxc2 49. b4 Rd2 50. Rc7 Rxd5 51. b6 Be5 52. Rc5 Rxc5 1/2-1/2

[Event "FICGS W-ch st1 g15 email"]
[Site "FICGS email"]
[Date "2009.02.22"]
[Round "1"]
[White "Kalchev, Borislav"]
[Black "Mueller, Robert"]
[Result "1/2-1/2"]
[WhiteElo "1800"]
[BlackElo "2374"]
[PlyCount "37"]
[EventDate "2009.??.??"]
[EventType "tourn (corr)"]
[EventRounds "8"]
[SourceTitle "Corr 2022"]
[Source "ChessBase"]
[SourceDate "2021.10.24"]
[SourceVersion "1"]
[SourceVersionDate "2021.10.24"]
[SourceQuality "1"]

1. e4 c5 2. Nf3 d6 3. d4 cxd4 4. Nxd4 Nf6 5. Nc3 a6 6. Bc4 e6 7. 0-0 b5 8. Bd3 Bb7 9. Re1 Be7 10. b4 Qc7 11. Bb2 Nc6 12. Nxc6 Bxc6 13. a4 bxa4 14. Nxa4 Rb8 15. e5 Nd7 16. Qg4 dxe5 17. Qxg7 Bf6 18. Qg4 Be7 19. Qg7 1/2-1/2